Current trends in surface dressing (Record no. 56673)

MARC details
000 -LEADER
fixed length control field 00338nam a2200133Ia 4500
100 ## - MAIN ENTRY--AUTHOR NAME
Personal name Jones W S
245 #0 - TITLE STATEMENT
Title Current trends in surface dressing
260 ## - PUBLICATION, DISTRIBUTION, ETC. (IMPRINT)
Name of publisher Rubber Developments
Year of publication 1959
300 ## - PHYSICAL DESCRIPTION
Number of Pages 123-126
650 ## - SUBJECT ADDED ENTRY--TOPICAL TERM
Topical Term Rubberized bitumen
650 ## - SUBJECT ADDED ENTRY--TOPICAL TERM
Topical Term Surface dressing
942 ## - ADDED ENTRY ELEMENTS (KOHA)
Koha item type Journals
Holdings
Withdrawn status Lost status Damaged status Not for loan Home library Current library Shelving location Date acquired Serial Enumeration / chronology Koha item type
      Journals RRII Library RRII Library Rubber chemistry 17/12/2021 Volume 12, Issue 4 Journals